[Event "San Francisco TNM Fall op"]
[Site "San Francisco"]
[Date "2008.11.11"]
[Round "5"]
[White "Lee, Andy C"]
[Black "Nip, Nicholas"]
[Result "1-0"]
[WhiteElo "2259"]
[BlackElo "2207"]
[PlyCount "139"]
[EventDate "2008.10.14"]
[EventType "swiss"]
[EventRounds "10"]
[EventCountry "USA"]
[SourceTitle "EXT 2012"]
[Source "ChessBase"]
[SourceDate "2011.11.24"]
[SourceVersion "1"]
[SourceVersionDate "2011.11.24"]
[SourceQuality "1"]

1. d4 Nf6 2. c4 e6 3. Nc3 Bb4 4. e3 b6 5. Nge2 Ne4 6. Qc2 Bb7 7. a3 Bxc3+ 8. Nxc3 Nxc3 9. Qxc3 d6 10. Be2 Nd7 11. 0-0 0-0 12. b4 Qe7 13. Bb2 f5 14. c5 Nf6 15. c6 Bc8 16. f3 Nd5 17. Qb3 a5 18. b5 f4 19. e4 Ne3 20. Rf2 a4 21. Qc3 Qg5 22. Bc1 e5 23. dxe5 Bh3 24. Bc4+ Kh8 25. Bxe3 fxe3 26. Re2 Rxf3 27. Kh1 Qf4 28. Rg1 Qxe4 29. Qd3 Rf4 30. Qxe4 Rxe4 31. gxh3 Rxc4 32. exd6 cxd6 33. Rxe3 Rc5 34. Re7 Rg8 35. Rd1 d5 36. Rd7 Rxb5 37. R1xd5 Rb1+ 38. Rd1 Rb3 39. Rc1 Re3 40. c7 Ree8 41. Rcd1 Rc8 42. Kg2 h6 43. Kf3 Kh7 44. Ke4 Rge8+ 45. Kd5 Rxc7 46. Rxc7 Rd8+ 47. Kc6 Rxd1 48. Kb5 Rd3 49. Kxa4 Rxh3 50. Rc2 Rh5 51. Kb4 Rf5 52. a4 Kg6 53. Rc6+ Rf6 54. Kb5 Kg5 55. Rxf6 gxf6 56. Kxb6 f5 57. Kc5 f4 58. Kd4 Kg4 59. a5 Kf3 60. a6 Kg2 61. a7 Kxh2 62. a8Q Kg3 63. Qh1 f3 64. Qg1+ Kf4 65. Qf2 Kg4 66. Ke4 h5 67. Qxf3+ Kh4 68. Qh1+ Kg4 69. Qg1+ Kh3 70. Kf4 1-0

[Event "San Francisco TNM Fall op"]
[Site "San Francisco"]
[Date "2008.10.28"]
[Round "3"]
[White "Petty, David A"]
[Black "Nip, Nicholas"]
[Result "0-1"]
[WhiteElo "1990"]
[BlackElo "2207"]
[PlyCount "90"]
[EventDate "2008.10.14"]
[EventType "swiss"]
[EventRounds "10"]
[EventCountry "USA"]
[SourceTitle "EXT 2012"]
[Source "ChessBase"]
[SourceDate "2011.11.24"]
[SourceVersion "1"]
[SourceVersionDate "2011.11.24"]
[SourceQuality "1"]

1. e4 c6 2. d4 d5 3. Nc3 dxe4 4. Bc4 Nf6 5. f3 e3 6. Bxe3 e6 7. Nge2 Be7 8. 0-0 Nd5 9. Nxd5 cxd5 10. Bd3 Nc6 11. c3 0-0 12. Qe1 g6 13. Rd1 Bf6 14. Nc1 Ne7 15. Bb1 Nf5 16. Bf4 Bd7 17. Nd3 Bb5 18. Rf2 Bxd3 19. Bxd3 Ng7 20. Qd2 a6 21. Kh1 Re8 22. Re2 b5 23. a3 Qb6 24. Be5 Bxe5 25. Rxe5 a5 26. Qe1 Rab8 27. h4 b4 28. axb4 axb4 29. c4 Qxd4 30. Bxg6 Qxc4 31. Bb1 f6 32. Re2 Qf4 33. Qf2 Rec8 34. g3 Qd6 35. Kg2 Kh8 36. Qa7 Rg8 37. f4 Rbe8 38. Rc2 Re7 39. Qf2 Nf5 40. Rd3 Reg7 41. Kh2 Nxg3 42. Rxg3 Rxg3 43. Qa7 R3g7 44. Qe3 d4 45. Qe4 f5 0-1

[Event "USA tt"]
[Site "ICC INT"]
[Date "2008.10.22"]
[Round "9"]
[White "Nip, Nicholas"]
[Black "Bayaraa, Zorigt"]
[Result "1/2-1/2"]
[WhiteElo "2150"]
[BlackElo "2179"]
[PlyCount "103"]
[EventDate "2008.10.22"]
[EventType "team-tourn"]
[EventRounds "10"]
[EventCountry "USA"]
[SourceTitle "CBM 126 Extra"]
[Source "ChessBase"]
[SourceDate "2008.11.05"]
[SourceVersion "1"]
[SourceVersionDate "2008.11.05"]
[SourceQuality "1"]

1. e4 c5 2. Nc3 d6 3. g3 Nc6 4. Bg2 g6 5. d3 Bg7 6. Be3 Rb8 7. Qd2 b5 8. f4 b4 9. Nd1 e6 10. Ne2 Nd4 11. 0-0 Ne7 12. Nc1 0-0 13. c3 bxc3 14. bxc3 Nb5 15. Ne2 Qa5 16. Rc1 Bd7 17. g4 f5 18. gxf5 exf5 19. e5 Bc6 20. c4 Qxd2 21. Bxd2 Bxg2 22. Kxg2 Nd4 23. Nxd4 cxd4 24. exd6 Nc6 25. Kf3 Rfd8 26. c5 Rdc8 27. Rc4 Kf7 28. Re1 Bf6 29. Ra4 Rb5 30. Rc4 a5 31. Rc2 Nd8 32. Nb2 Rbxc5 33. Rxc5 Rxc5 34. Nc4 Nc6 35. Rb1 Ke6 36. Rb7 h6 37. Bc1 Nd8 38. Rb1 Rc6 39. Rb5 Nf7 40. Ba3 Bd8 41. Bc5 Ra6 42. a4 g5 43. Bxd4 Nxd6 44. Re5+ Kd7 45. Bc5 Nxc4 46. dxc4 Bc7 47. Rd5+ Ke6 48. fxg5 hxg5 49. h3 Rc6 50. Ke2 g4 51. hxg4 fxg4 52. Kf1 1/2-1/2

[Event "San Francisco TNM Fall op"]
[Site "San Francisco"]
[Date "2008.10.14"]
[Round "1"]
[White "Oca Homer, Nicolas"]
[Black "Nip, Nicholas"]
[Result "0-1"]
[WhiteElo "1678"]
[BlackElo "2207"]
[PlyCount "62"]
[EventDate "2008.10.14"]
[EventType "swiss"]
[EventRounds "10"]
[EventCountry "USA"]
[SourceTitle "EXT 2012"]
[Source "ChessBase"]
[SourceDate "2011.11.24"]
[SourceVersion "1"]
[SourceVersionDate "2011.11.24"]
[SourceQuality "1"]

1. h3 d5 2. d4 Nf6 3. Nc3 e6 4. a3 c5 5. Nf3 cxd4 6. Nxd4 Nc6 7. e3 Be7 8. b4 0-0 9. Bb2 a6 10. g4 e5 11. Nf3 Be6 12. Bg2 Ne8 13. 0-0 g6 14. Nh2 Nc7 15. f4 d4 16. Ne4 Nd5 17. f5 Nxe3 18. Qf3 gxf5 19. gxf5 Bxf5 20. Rf2 Bg6 21. Kh1 f5 22. Nc5 e4 23. Qe2 Bxc5 24. bxc5 f4 25. Rg1 Qd5 26. Ng4 Nxg2 27. Rfxg2 f3 28. Nh6+ Kg7 29. Rxg6+ hxg6 30. c4 fxe2 31. cxd5 Rf1 0-1

[Event "CalChess Masters op"]
[Site "San Francisco"]
[Date "2007.09.30"]
[Round "3"]
[White "Nip, Nicholas"]
[Black "Hanken, Jerome B"]
[Result "1-0"]
[WhiteElo "2029"]
[BlackElo "2200"]
[PlyCount "57"]
[EventDate "2007.09.29"]
[EventType "swiss"]
[EventRounds "4"]
[EventCountry "USA"]
[SourceTitle "EXT 2008"]
[Source "ChessBase"]
[SourceDate "2007.11.25"]
[SourceVersion "1"]
[SourceVersionDate "2007.11.25"]
[SourceQuality "1"]

1. e4 g6 2. d4 Bg7 3. c4 c5 4. d5 e6 5. Nc3 exd5 6. exd5 d6 7. Bd3 Ne7 8. Nf3 a6 9. 0-0 0-0 10. Bf4 Bf5 11. Re1 Bxd3 12. Qxd3 Qc7 13. Re2 Nc8 14. Rae1 Nd7 15. Ne4 b5 16. b3 bxc4 17. bxc4 Rb8 18. Ned2 a5 19. h4 Nf6 20. Ng5 Rb2 21. Nde4 Rxe2 22. Nxf6+ Bxf6 23. Rxe2 Qd8 24. g3 Bg7 25. Ne4 Re8 26. Bg5 Qd7 27. Nf6+ Bxf6 28. Bxf6 Rxe2 29. Qxe2 1-0

[Event "CalChess Masters op"]
[Site "San Francisco"]
[Date "2007.09.29"]
[Round "1"]
[White "Koepcke, Richard"]
[Black "Nip, Nicholas"]
[Result "1/2-1/2"]
[WhiteElo "2221"]
[BlackElo "2029"]
[PlyCount "137"]
[EventDate "2007.09.29"]
[EventType "swiss"]
[EventRounds "4"]
[EventCountry "USA"]
[SourceTitle "EXT 2008"]
[Source "ChessBase"]
[SourceDate "2007.11.25"]
[SourceVersion "1"]
[SourceVersionDate "2007.11.25"]
[SourceQuality "1"]

1. d4 d5 2. c4 c6 3. Nf3 Nf6 4. Nc3 e6 5. e3 Be7 6. Bd3 dxc4 7. Bxc4 0-0 8. 0-0 a6 9. a4 c5 10. Qe2 Qc7 11. dxc5 Bxc5 12. e4 e5 13. Bg5 Nbd7 14. Rac1 Qb6 15. Rfd1 Re8 16. Nd5 Nxd5 17. Bxd5 Nf8 18. a5 Qa7 19. b4 Bd4 20. Nxd4 exd4 21. Qc4 Ne6 22. Bxe6 Bxe6 23. Qxd4 Qxd4 24. Rxd4 f6 25. Be3 Rac8 26. Rxc8 Rxc8 27. f3 Kf7 28. Rd2 Ke8 29. Kf2 Rd8 30. Bd4 Rc8 31. Ke3 Bb3 32. Rb2 Ba4 33. Bc5 Rd8 34. Ra2 Bb5 35. Bd4 Rc8 36. g4 Kf7 37. h4 Bc4 38. Rd2 Be6 39. Bc5 g6 40. Rd6 Rc6 41. Rd2 Rc8 42. g5 f5 43. Kf4 Re8 44. Rd6 Bc8 45. Rf6+ Kg8 46. h5 fxe4 47. hxg6 exf3 48. gxh7+ Kxh7 49. Kxf3 Be6 50. Kf4 Bd5 51. Rh6+ Kg8 52. Kf5 Re1 53. Bd4 Rf1+ 54. Ke5 Bc6 55. Kd6 Rf5 56. Bf6 Kf7 57. Rh7+ Kg6 58. Rg7+ Kh5 59. Kc7 Bg2 60. Kb8 Rb5 61. Rh7+ Kg6 62. Rh6+ Kf7 63. Rh7+ Kg6 64. Rg7+ Kh5 65. Be7 b6 66. Rh7+ Kg4 67. Ka7 bxa5 68. Kxa6 Bf1 69. bxa5 1/2-1/2

[Event "San Francisco TNM Summer op"]
[Site "San Francisco"]
[Date "2006.06.27"]
[Round "4"]
[White "Ostrovsky, Sergey"]
[Black "Nip, Nicholas"]
[Result "1-0"]
[WhiteElo "1870"]
[BlackElo "1671"]
[PlyCount "55"]
[EventDate "2006.06.06"]
[EventType "swiss"]
[EventRounds "8"]
[EventCountry "USA"]
[SourceTitle "EXT 2007"]
[Source "ChessBase"]
[SourceDate "2006.11.23"]
[SourceVersion "1"]
[SourceVersionDate "2006.11.23"]
[SourceQuality "1"]

1. Nf3 Nf6 2. c4 c6 3. Nc3 d5 4. d4 e6 5. e3 Nbd7 6. Bd3 Bd6 7. e4 dxe4 8. Nxe4 Nxe4 9. Bxe4 Nf6 10. Bc2 0-0 11. c5 Be7 12. Qd3 h6 13. g4 Qd5 14. Rg1 Rd8 15. g5 hxg5 16. Rxg5 Qd7 17. Be3 b6 18. 0-0-0 bxc5 19. Rdg1 Bf8 20. Rxg7+ Bxg7 21. Bh6 Kf8 22. Bxg7+ Ke7 23. Ne5 Qe8 24. Qc4 Rd5 25. dxc5 Rxe5 26. Bxf6+ Kd7 27. Bxe5 Qe7 28. Qd4+ 1-0

[Event "San Francisco TNM Summer op"]
[Site "San Francisco"]
[Date "2006.06.06"]
[Round "1"]
[White "Nip, Nicholas"]
[Black "Grey, Peter G"]
[Result "1/2-1/2"]
[WhiteElo "1671"]
[BlackElo "2000"]
[PlyCount "61"]
[EventDate "2006.06.06"]
[EventType "swiss"]
[EventRounds "8"]
[EventCountry "USA"]
[SourceTitle "EXT 2007"]
[Source "ChessBase"]
[SourceDate "2006.11.23"]
[SourceVersion "1"]
[SourceVersionDate "2006.11.23"]
[SourceQuality "1"]

1. e4 e5 2. Nf3 Nc6 3. Bc4 Nf6 4. d3 Be7 5. c3 0-0 6. 0-0 d6 7. Nbd2 Na5 8. Bb5 a6 9. Ba4 b5 10. Bc2 c5 11. Qe2 Qc7 12. Re1 Nc6 13. Nf1 Re8 14. Ne3 Bf8 15. Bd2 g6 16. Bb3 Bg7 17. Ng5 Nd8 18. a4 Rb8 19. axb5 axb5 20. Ra2 h6 21. Nf3 Bb7 22. Rea1 Nc6 23. Nh4 Kh7 24. Ng4 Nxg4 25. Qxg4 Bc8 26. Qg3 Be6 27. Bxe6 Rxe6 28. Nf3 Ree8 29. Qh4 Qb7 30. Ng5+ Kg8 31. Nf3 1/2-1/2

[Event "San Francisco Addison op g/45"]
[Site "San Francisco"]
[Date "2005.06.25"]
[Round "5"]
[White "Celis, Christian"]
[Black "Nip, Nicholas"]
[Result "1-0"]
[WhiteElo "1512"]
[BlackElo "1351"]
[PlyCount "57"]
[EventDate "2005.06.25"]
[EventType "swiss (rapid)"]
[EventRounds "5"]
[EventCountry "USA"]
[SourceTitle "EXT 2007"]
[Source "ChessBase"]
[SourceDate "2006.11.23"]
[SourceVersion "1"]
[SourceVersionDate "2006.11.23"]
[SourceQuality "1"]

1. e4 e6 2. Nf3 d5 3. exd5 exd5 4. d4 Nf6 5. Nc3 Bb4 6. a3 Bxc3+ 7. bxc3 0-0 8. Bd3 Bg4 9. 0-0 c6 10. h3 Bh5 11. Bf4 Nbd7 12. Rb1 b6 13. Qd2 Bxf3 14. gxf3 b5 15. Rfe1 Qb6 16. Kh2 a6 17. Rg1 g6 18. Rg2 Rfe8 19. Rbg1 Nf8 20. Be5 N6d7 21. Qh6 Nxe5 22. dxe5 c5 23. f4 c4 24. Be2 Rad8 25. h4 d4 26. h5 dxc3 27. hxg6 fxg6 28. Bf3 Rd4 29. f5 1-0